| 000 | 00557nam a2200169 a 4500 | ||
|---|---|---|---|
| 005 | 20140412111422.0 | ||
| 008 | 080122s19uu xx 00 eng d | ||
| 020 | _a978-971-0417-33-9 | ||
| 050 |
_aTR(GS 372.4 _bT91 2007 |
||
| 245 |
_aTweety's Phonics Skills Chalenger. improve phonics & reading skills : _bSkills Chalenger. |
||
| 260 |
_aPhilippines : _bStraight Lines International, _c2007. |
||
| 300 | _a15p. : col. , ill. ; cm. | ||
| 440 | _aJunior Academic Series | ||
| 500 | _aAges 6-9. | ||
| 650 | _aPhonics- Elementary Edition | ||
| 999 |
_c106073 _d106073 |
||